00672nam a2200193Ia 450000500170000000800460001703700120006304000200007504100130009508400190010810000240012724500940015126000480024530000090029365000340030294200190033699900210035595201020037620250508161947.0008 250505s9999 xx 000 0 eng d aTextual aFEDLbengcFEDL aeng2eng a370, SODqFEDL aSodhi T. S.9294983 0aEducation and economic development : A treatise on the problems of economics of education aLudhiana, IndiabMukand Publications c1978 a244p aEconomics - Education9770135 cTEXLh370, SOD c1373515d1373515 00104070aFEDLbFEDLd2025-05-08l0o370, SODpEL0063431r2025-05-08 16:19:47w2025-05-08yTEXL